000 004810000a22001930004500
001 004023
003 MACL
005 20151021101044.0
008 151021b xxu||||| |||| 00| 0 eng d
040 _aMACL
_cMACL
041 _aEnglish
082 _a954/DAT
100 _aDatta, Kanailal
_916011
245 _aIndia Wrests Her Freedom
_b1857 1̜947
_cKanailal Datta
260 _aCalcutta
_c2000
_bBest Books,
350 _a150
650 _aHistory
_916012
942 _k954
_cBK
_2ddc
999 _c15915
_d15915